000 00303nam a2200121Ia 4500
008 190216s9999||||xx |||||||||||||| ||und||
100 _aBondy J A And Murty U S R
245 0 _aGraph Theory With Applications(Photocopy)
260 _bNull
_c1962
300 _a252p
650 _aMathematics
942 _cBK
999 _c31241
_d31241